[Event "Team Championship of Russia (blitz)"]
[Site "Sochi"]
[Date "2015.05.10"]
[Round "2.36"]
[White "Vasilevich, Tatjana"]
[Black "Oganyan, Arsen"]
[Result "0-1"]
[LiveChessVersion "1.4.4"]
[BlackElo "2282"]
[WhiteElo "2400"]

1. d4 {[%clk 0:03:03]} Nf6 {[%clk 0:03:03]} 2. c4 {[%clk 0:03:04]} e6
{[%clk 0:03:03]} 3. g3 {[%clk 0:03:06]} d5 {[%clk 0:02:56]} 4. Bg2
{[%clk 0:03:07]} Nc6 {[%clk 0:02:55]} 5. Nf3 {[%clk 0:03:06]} dxc4
{[%clk 0:02:55]} 6. O-O {[%clk 0:03:04]} Rb8 {[%clk 0:02:52]} 7. e3
{[%clk 0:03:00]} Be7 {[%clk 0:02:42]} 8. Qe2 {[%clk 0:02:53]} b5 {[%clk 0:02:21]}
9. Rd1 {[%clk 0:02:51]} O-O {[%clk 0:02:19]} 10. a4 {[%clk 0:02:46]} a6
{[%clk 0:02:18]} 11. axb5 {[%clk 0:02:43]} axb5 {[%clk 0:02:18]} 12. Na3
{[%clk 0:02:36]} Na5 {[%clk 0:02:06]} 13. Ne5 {[%clk 0:02:20]} Bd7
{[%clk 0:01:50]} 14. Bd2 {[%clk 0:01:50]} Nb3 {[%clk 0:01:50]} 15. Rab1
{[%clk 0:01:33]} Bd6 {[%clk 0:01:30]} 16. Be1 {[%clk 0:01:31]} Qe7
{[%clk 0:01:30]} 17. Nc2 {[%clk 0:01:26]} Rfd8 {[%clk 0:01:12]} 18. f4
{[%clk 0:01:27]} g6 {[%clk 0:00:48]} 19. e4 {[%clk 0:01:28]} Be8 {[%clk 0:00:33]}
20. g4 {[%clk 0:01:27]} Bxe5 {[%clk 0:00:32]} 21. fxe5 {[%clk 0:01:11]} Nd7
{[%clk 0:00:33]} 22. h4 {[%clk 0:01:03]} c5 {[%clk 0:00:27]} 23. dxc5
{[%clk 0:00:36]} Ndxc5 {[%clk 0:00:28]} 24. Bb4 {[%clk 0:00:37]} Qa7
{[%clk 0:00:25]} 25. Kh2 {[%clk 0:00:35]} Nd3 {[%clk 0:00:24]} 26. Bd6
{[%clk 0:00:37]} Rbc8 {[%clk 0:00:23]} 27. h5 {[%clk 0:00:36]} Nf4
{[%clk 0:00:11]} 28. Qf3 {[%clk 0:00:35]} Nxg2 {[%clk 0:00:11]} 29. Kxg2
{[%clk 0:00:35]} Nc5 {[%clk 0:00:10]} 30. h6 {[%clk 0:00:36]} f5 {[%clk 0:00:07]}
31. exf6 {[%clk 0:00:31]} Nd3 {[%clk 0:00:08]} 32. e5 {[%clk 0:00:29]} Bc6
{[%clk 0:00:07]} 33. Rf1 {[%clk 0:00:23]} Bxf3+ {[%clk 0:00:07]} 34. Rxf3
{[%clk 0:00:24]} Qf7 {[%clk 0:00:07]} 35. Nd4 {[%clk 0:00:21]} Rxd6
{[%clk 0:00:07]} 36. exd6 {[%clk 0:00:22]} e5 {[%clk 0:00:08]} 37. Nxb5
{[%clk 0:00:22]} e4 {[%clk 0:00:10]} 38. Rff1 Ne5 {[%clk 0:00:09]} 39. Kg3
{[%clk 0:00:22]} Nf3 {[%clk 0:00:10]} 40. Rbd1 {[%clk 0:00:22]} Qxf6
{[%clk 0:00:11]} 41. d7 {[%clk 0:00:22]} Qh4+ {[%clk 0:00:12]} 42. Kf4
{[%clk 0:00:23]} Rf8+ {[%clk 0:00:10]} 43. Kxe4 {[%clk 0:00:24]} Qe7+
{[%clk 0:00:11]} 44. Kd4 {[%clk 0:00:24]} Qxd7+ {[%clk 0:00:12]} 45. Kxc4
{[%clk 0:00:26]} Qc6+ {[%clk 0:00:13]} 46. Kb4 {[%clk 0:00:27]} Rf4+
{[%clk 0:00:12]} 47. Ka5 {[%clk 0:00:25]} Qa8+ {[%clk 0:00:11]} 48. Kb6
{[%clk 0:00:26]} Rf6+ {[%clk 0:00:13]} 49. Nd6 {[%clk 0:00:26]} Qb8+
{[%clk 0:00:11]} 50. Kc5 {[%clk 0:00:27]} Qa7+ {[%clk 0:00:12]} 51. Kc6
{[%clk 0:00:28]} Qa6+ {[%clk 0:00:13]} 52. Kd7 {[%clk 0:00:29]} Ne5+
{[%clk 0:00:13]} 53. Ke7 {[%clk 0:00:30]} Rxf1 {[%clk 0:00:12]} 54. Rxf1
{[%clk 0:00:32]} Qxf1 {[%clk 0:00:11]} 0-1

[Event "Team Championship of Russia (blitz)"]
[Site "Sochi"]
[Date "2015.05.10"]
[Round "3.4"]
[White "Maletin, Pavel"]
[Black "Tregubov, Pavel V."]
[Result "1/2-1/2"]
[LiveChessVersion "1.4.4"]
[BlackElo "2517"]
[WhiteElo "2582"]

1. Nf3 {[%clk 0:03:03]} Nf6 {[%clk 0:03:03]} 2. c4 {[%clk 0:03:04]} Nc6
{[%clk 0:03:03]} 3. Nc3 {[%clk 0:03:02]} e5 {[%clk 0:03:04]} 4. g3
{[%clk 0:03:03]} Bc5 {[%clk 0:03:03]} 5. Bg2 {[%clk 0:03:03]} d6 {[%clk 0:03:04]}
6. O-O {[%clk 0:03:02]} O-O {[%clk 0:03:04]} 7. e3 {[%clk 0:03:03]} a6
{[%clk 0:03:01]} 8. b3 {[%clk 0:03:03]} Bf5 {[%clk 0:02:59]} 9. d4
{[%clk 0:02:57]} exd4 {[%clk 0:02:58]} 10. Nxd4 {[%clk 0:02:57]} Bg4
{[%clk 0:02:45]} 11. Qd2 {[%clk 0:02:45]} Qd7 {[%clk 0:02:40]} 12. Bb2
{[%clk 0:02:44]} Bh3 {[%clk 0:02:36]} 13. Nd5 {[%clk 0:02:39]} Nxd5
{[%clk 0:02:28]} 14. cxd5 {[%clk 0:02:38]} Nxd4 {[%clk 0:02:25]} 15. Bxd4
{[%clk 0:02:37]} Bxg2 {[%clk 0:02:11]} 16. Kxg2 {[%clk 0:02:38]} Bxd4
{[%clk 0:02:08]} 17. Qxd4 {[%clk 0:02:39]} c5 {[%clk 0:02:07]} 18. dxc6
{[%clk 0:02:39]} Qxc6+ {[%clk 0:02:07]} 19. Kg1 {[%clk 0:02:39]} Rac8
{[%clk 0:02:08]} 20. Rfd1 {[%clk 0:02:37]} Rfd8 {[%clk 0:02:08]} 21. Rd2
{[%clk 0:02:34]} Qc5 {[%clk 0:01:46]} 22. Rad1 {[%clk 0:02:14]} Qxd4
{[%clk 0:01:47]} 23. Rxd4 {[%clk 0:02:15]} Rc6 {[%clk 0:01:49]} 24. g4
{[%clk 0:02:11]} f6 {[%clk 0:01:38]} 25. h4 {[%clk 0:02:10]} Kf7 {[%clk 0:01:39]}
26. Kg2 {[%clk 0:02:06]} Ke6 {[%clk 0:01:39]} 27. R1d2 {[%clk 0:02:05]} d5
{[%clk 0:01:33]} 28. g5 {[%clk 0:01:54]} f5 {[%clk 0:01:32]} 29. Kg3
{[%clk 0:01:48]} Ke5 {[%clk 0:01:32]} 30. Kf3 {[%clk 0:01:28]} Rc1
{[%clk 0:01:28]} 31. Kg2 {[%clk 0:01:27]} Rd6 {[%clk 0:01:28]} 32. f3
{[%clk 0:01:22]} h6 {[%clk 0:01:23]} 33. gxh6 {[%clk 0:01:16]} gxh6
{[%clk 0:01:24]} 34. h5 {[%clk 0:01:17]} Rd7 {[%clk 0:01:21]} 35. Kh2
{[%clk 0:01:06]} Re1 {[%clk 0:01:16]} 36. R4d3 {[%clk 0:01:03]} f4
{[%clk 0:00:50]} 37. exf4+ Kxf4 {[%clk 0:00:51]} 38. Kg2 {[%clk 0:00:48]} Ke5
{[%clk 0:00:27]} 39. Rd4 {[%clk 0:00:33]} Rd6 {[%clk 0:00:21]} 40. f4+
{[%clk 0:00:27]} Kf5 {[%clk 0:00:22]} 41. Kf3 {[%clk 0:00:17]} Rf1+
{[%clk 0:00:23]} 42. Kg3 {[%clk 0:00:18]} Rg1+ {[%clk 0:00:24]} 43. Kf3
{[%clk 0:00:18]} Rf1+ {[%clk 0:00:25]} 44. Kg3 {[%clk 0:00:18]} Rg1+
{[%clk 0:00:26]} 45. Kf3 {[%clk 0:00:19]} Rf1+ {[%clk 0:00:25]} 46. Kg3
{[%clk 0:00:17]} Ke5 1/2-1/2

[Event "Team Championship of Russia (blitz)"]
[Site "Sochi"]
[Date "2015.05.10"]
[Round "3.13"]
[White "Zvjaginsev, Vadim"]
[Black "Bocharov, Ivan"]
[Result "1/2-1/2"]
[LiveChessVersion "1.4.4"]
[BlackElo "2599"]
[WhiteElo "2638"]

1. e4 {[%clk 0:03:02]} d5 {[%clk 0:03:04]} 2. exd5 {[%clk 0:03:02]} Qxd5
{[%clk 0:03:05]} 3. Nf3 {[%clk 0:03:03]} Bg4 {[%clk 0:03:05]} 4. Be2
{[%clk 0:03:03]} Nc6 {[%clk 0:03:06]} 5. h3 {[%clk 0:03:05]} Bxf3
{[%clk 0:03:02]} 6. Bxf3 {[%clk 0:03:06]} Qe5+ {[%clk 0:03:02]} 7. Qe2
{[%clk 0:03:06]} Qxe2+ {[%clk 0:03:02]} 8. Bxe2 {[%clk 0:03:07]} O-O-O
{[%clk 0:03:02]} 9. d3 {[%clk 0:03:00]} Nb4 {[%clk 0:02:55]} 10. Bd1
{[%clk 0:02:54]} Nf6 {[%clk 0:02:54]} 11. Nd2 {[%clk 0:02:50]} e6
{[%clk 0:02:53]} 12. Nf3 {[%clk 0:02:50]} Be7 {[%clk 0:02:38]} 13. a3
{[%clk 0:02:44]} Nc6 {[%clk 0:02:36]} 14. Bd2 {[%clk 0:02:32]} Nd5
{[%clk 0:02:35]} 15. Be2 {[%clk 0:02:24]} Bf6 {[%clk 0:02:35]} 16. O-O-O
{[%clk 0:02:24]} Nd4 {[%clk 0:02:36]} 17. Nxd4 {[%clk 0:02:22]} Bxd4
{[%clk 0:02:37]} 18. Rhf1 {[%clk 0:02:17]} h5 {[%clk 0:02:36]} 19. c3
{[%clk 0:02:17]} Be5 {[%clk 0:02:36]} 20. f4 {[%clk 0:02:15]} Bf6
{[%clk 0:02:36]} 21. f5 {[%clk 0:02:11]} e5 {[%clk 0:02:33]} 22. Bf3
{[%clk 0:02:07]} h4 {[%clk 0:02:33]} 23. Kc2 {[%clk 0:02:05]} Be7
{[%clk 0:02:12]} 24. Rde1 {[%clk 0:02:02]} Bf6 {[%clk 0:02:05]} 25. Re4
{[%clk 0:01:59]} Rd6 {[%clk 0:02:00]} 26. Be2 {[%clk 0:01:42]} Rhd8
{[%clk 0:01:58]} 27. b4 {[%clk 0:01:41]} Nf4 {[%clk 0:01:50]} 28. Bxf4
{[%clk 0:01:39]} exf4 {[%clk 0:01:51]} 29. Rfxf4 {[%clk 0:01:38]} Kd7
{[%clk 0:01:41]} 30. d4 {[%clk 0:01:37]} Re8 {[%clk 0:01:36]} 31. Bc4
{[%clk 0:01:37]} Re7 {[%clk 0:01:37]} 32. a4 {[%clk 0:01:32]} Ke8
{[%clk 0:01:31]} 33. Kb3 {[%clk 0:01:31]} Rdd7 {[%clk 0:01:31]} 34. b5
{[%clk 0:01:18]} Rxe4 {[%clk 0:01:29]} 35. Rxe4+ {[%clk 0:01:17]} Re7
{[%clk 0:01:31]} 36. Bd5 {[%clk 0:01:14]} Rxe4 {[%clk 0:01:28]} 37. Bxe4
{[%clk 0:01:15]} b6 {[%clk 0:01:27]} 38. Kc4 {[%clk 0:01:16]} Kd7
{[%clk 0:01:20]} 39. Kd5 {[%clk 0:01:10]} Bg5 {[%clk 0:01:21]} 40. Bf3
{[%clk 0:01:11]} f6 {[%clk 0:01:13]} 41. Bh5 {[%clk 0:01:10]} Bd2
{[%clk 0:01:14]} 42. c4 {[%clk 0:01:11]} Be3 {[%clk 0:01:14]} 43. Bf7
{[%clk 0:01:12]} Bf2 {[%clk 0:01:15]} 44. Be6+ {[%clk 0:01:13]} Kd8
{[%clk 0:01:14]} 45. Bf7 {[%clk 0:01:06]} Ke7 {[%clk 0:01:14]} 46. Bh5
{[%clk 0:01:06]} Kd7 {[%clk 0:01:15]} 47. Bg4 {[%clk 0:01:07]} Bg1
{[%clk 0:01:16]} 48. c5 {[%clk 0:01:07]} Bf2 {[%clk 0:01:17]} 49. Be2
{[%clk 0:01:05]} Bg1 {[%clk 0:01:17]} 50. Bd1 {[%clk 0:01:07]} Bf2
{[%clk 0:01:18]} 51. a5 {[%clk 0:01:05]} bxa5 {[%clk 0:01:12]} 52. Ba4
{[%clk 0:01:06]} Ke7 {[%clk 0:01:07]} 53. Kc4 {[%clk 0:01:07]} 1/2-1/2

[Event "Team Championship of Russia (blitz)"]
[Site "Sochi"]
[Date "2015.05.10"]
[Round "3.15"]
[White "Popov, Ivan"]
[Black "Zablotsky, Sergei"]
[Result "0-1"]
[LiveChessVersion "1.4.4"]
[BlackElo "2548"]
[WhiteElo "2615"]

1. e4 {[%clk 0:03:02]} d6 {[%clk 0:03:01]} 2. d4 {[%clk 0:03:01]} Nf6
{[%clk 0:03:01]} 3. Nc3 {[%clk 0:03:02]} e5 {[%clk 0:03:02]} 4. Nf3
{[%clk 0:03:03]} Nbd7 {[%clk 0:03:03]} 5. Bc4 {[%clk 0:03:03]} Be7
{[%clk 0:03:04]} 6. O-O {[%clk 0:03:04]} O-O {[%clk 0:03:01]} 7. Re1
{[%clk 0:03:05]} c6 {[%clk 0:03:01]} 8. a4 {[%clk 0:03:06]} exd4 {[%clk 0:03:00]}
9. Nxd4 {[%clk 0:02:58]} Ne5 {[%clk 0:03:00]} 10. Be2 {[%clk 0:02:49]} Bd7
{[%clk 0:02:52]} 11. f4 {[%clk 0:02:47]} Ng6 {[%clk 0:02:52]} 12. g3
{[%clk 0:02:38]} Re8 {[%clk 0:02:46]} 13. Bf3 {[%clk 0:02:38]} Bf8
{[%clk 0:02:35]} 14. a5 {[%clk 0:02:37]} Rb8 {[%clk 0:02:33]} 15. Be3
{[%clk 0:02:33]} Qc8 {[%clk 0:02:25]} 16. Qd3 {[%clk 0:02:06]} b5
{[%clk 0:02:17]} 17. axb6 {[%clk 0:02:06]} axb6 {[%clk 0:02:18]} 18. Nf5
{[%clk 0:01:51]} d5 {[%clk 0:02:02]} 19. Nd4 {[%clk 0:01:36]} c5 {[%clk 0:01:48]}
20. exd5 {[%clk 0:01:35]} Rxe3 {[%clk 0:01:38]} 21. Rxe3 {[%clk 0:01:28]} cxd4
{[%clk 0:01:39]} 22. Qxd4 {[%clk 0:01:29]} Bc5 {[%clk 0:01:37]} 23. Qd2
{[%clk 0:01:30]} Ng4 {[%clk 0:01:28]} 24. Bxg4 {[%clk 0:01:30]} Bxg4
{[%clk 0:01:28]} 25. Rae1 {[%clk 0:01:28]} h5 {[%clk 0:01:25]} 26. Nb5
{[%clk 0:01:24]} Bxe3+ {[%clk 0:01:20]} 27. Rxe3 {[%clk 0:01:25]} Qc5
{[%clk 0:01:16]} 28. c4 {[%clk 0:00:55]} Qxc4 {[%clk 0:01:04]} 29. Nd6
{[%clk 0:00:56]} Qc7 {[%clk 0:00:51]} 30. Ne4 {[%clk 0:00:55]} Rd8
{[%clk 0:00:48]} 31. Ng5 {[%clk 0:00:42]} Qc5 {[%clk 0:00:46]} 32. b4
{[%clk 0:00:43]} Qd6 {[%clk 0:00:32]} 33. Rd3 {[%clk 0:00:42]} Bf5
{[%clk 0:00:33]} 34. Rd4 {[%clk 0:00:43]} Ne7 {[%clk 0:00:31]} 35. Qe2
{[%clk 0:00:40]} Nxd5 {[%clk 0:00:30]} 36. Qxh5 {[%clk 0:00:41]} Bg6
{[%clk 0:00:27]} 37. Qd1 {[%clk 0:00:41]} Qc6 {[%clk 0:00:22]} 38. Nf3
{[%clk 0:00:41]} f6 {[%clk 0:00:22]} 39. Nh4 {[%clk 0:00:39]} Bf7
{[%clk 0:00:22]} 40. Nf5 {[%clk 0:00:40]} Re8 {[%clk 0:00:13]} 41. Qg4
{[%clk 0:00:30]} Qc1+ {[%clk 0:00:11]} 42. Kg2 {[%clk 0:00:31]} Ne3+
{[%clk 0:00:11]} 43. Nxe3 Qxe3 {[%clk 0:00:12]} 44. f5 {[%clk 0:00:22]} b5
{[%clk 0:00:12]} 45. Kh3 {[%clk 0:00:20]} Qe2 {[%clk 0:00:12]} 46. Qxe2
{[%clk 0:00:14]} Rxe2 {[%clk 0:00:14]} 47. g4 {[%clk 0:00:13]} Rb2
{[%clk 0:00:14]} 48. Kg3 {[%clk 0:00:11]} Rb3+ {[%clk 0:00:15]} 49. Kf4
{[%clk 0:00:12]} Bc4 50. h4 Rxb4 51. g5 fxg5+ {[%clk 0:00:15]} 52. hxg5
{[%clk 0:00:16]} Kh7 {[%clk 0:00:12]} 53. Ke5 {[%clk 0:00:16]} Rb3
{[%clk 0:00:10]} 54. Rh4+ {[%clk 0:00:16]} Kg8 {[%clk 0:00:11]} 55. g6
{[%clk 0:00:17]} Re3+ {[%clk 0:00:12]} 56. Kd4 {[%clk 0:00:16]} Re8
{[%clk 0:00:13]} 57. Rh2 {[%clk 0:00:16]} Rb8 {[%clk 0:00:14]} 58. Kc5
{[%clk 0:00:16]} Bd3 {[%clk 0:00:14]} 59. Rf2 {[%clk 0:00:14]} b4
{[%clk 0:00:15]} 60. Kc6 {[%clk 0:00:15]} b3 {[%clk 0:00:15]} 61. Kc7
{[%clk 0:00:16]} Rf8 {[%clk 0:00:17]} 0-1

[Event "Team Championship of Russia (blitz)"]
[Site "Sochi"]
[Date "2015.05.10"]
[Round "4.13"]
[White "Reshetnikov, Alexey"]
[Black "Zvjaginsev, Vadim"]
[Result "0-1"]
[LiveChessVersion "1.4.4"]
[BlackElo "2638"]
[WhiteElo "2608"]

1. Nf3 {[%clk 0:03:04]} d5 {[%clk 0:03:03]} 2. d4 {[%clk 0:03:05]} Nf6
{[%clk 0:03:05]} 3. c4 {[%clk 0:03:06]} e6 {[%clk 0:03:06]} 4. Nc3
{[%clk 0:03:08]} Nbd7 {[%clk 0:03:07]} 5. Bg5 {[%clk 0:03:09]} Be7
{[%clk 0:03:08]} 6. e3 {[%clk 0:03:09]} h6 {[%clk 0:03:08]} 7. Bh4
{[%clk 0:03:10]} O-O {[%clk 0:03:08]} 8. Rc1 {[%clk 0:03:11]} a6 {[%clk 0:03:03]}
9. cxd5 {[%clk 0:03:01]} exd5 {[%clk 0:03:03]} 10. Bd3 {[%clk 0:03:00]} c6
{[%clk 0:03:04]} 11. O-O {[%clk 0:03:00]} Re8 {[%clk 0:03:04]} 12. Nd2
{[%clk 0:02:36]} Nf8 {[%clk 0:02:59]} 13. Rb1 {[%clk 0:02:29]} Ng6
{[%clk 0:02:52]} 14. Bg3 {[%clk 0:02:28]} Bd6 {[%clk 0:02:51]} 15. b4
{[%clk 0:02:12]} Bxg3 {[%clk 0:02:47]} 16. hxg3 {[%clk 0:02:13]} Ng4
{[%clk 0:02:41]} 17. Qc2 {[%clk 0:01:48]} Qg5 {[%clk 0:02:30]} 18. Nf3
{[%clk 0:01:41]} Qh5 {[%clk 0:02:31]} 19. Ne2 {[%clk 0:01:40]} Re6
{[%clk 0:02:20]} 20. a4 {[%clk 0:00:58]} Rf6 {[%clk 0:02:21]} 21. Bxg6
{[%clk 0:00:52]} fxg6 {[%clk 0:02:07]} 22. Nf4 {[%clk 0:00:51]} Qf5
{[%clk 0:02:07]} 23. Qxf5 {[%clk 0:00:43]} Bxf5 {[%clk 0:02:07]} 24. Rb3
{[%clk 0:00:43]} g5 {[%clk 0:02:05]} 25. Nd3 {[%clk 0:00:42]} Bxd3
{[%clk 0:01:41]} 26. Rxd3 {[%clk 0:00:43]} Raf8 {[%clk 0:01:37]} 27. Rb1
{[%clk 0:00:36]} Nxf2 {[%clk 0:01:36]} 28. Kxf2 {[%clk 0:00:22]} g4
{[%clk 0:01:38]} 29. b5 {[%clk 0:00:18]} axb5 {[%clk 0:01:34]} 30. axb5
{[%clk 0:00:20]} gxf3 {[%clk 0:01:34]} 31. bxc6 {[%clk 0:00:21]} bxc6
{[%clk 0:01:30]} 32. Rc1 {[%clk 0:00:18]} fxg2+ {[%clk 0:01:13]} 33. Kxg2
{[%clk 0:00:19]} Re6 {[%clk 0:01:13]} 34. Rdc3 {[%clk 0:00:19]} Rff6
{[%clk 0:01:15]} 35. Ra1 {[%clk 0:00:15]} Kf7 {[%clk 0:01:05]} 36. Ra7+
{[%clk 0:00:15]} Re7 {[%clk 0:01:06]} 37. Ra6 {[%clk 0:00:16]} Ree6
{[%clk 0:01:07]} 38. Ra7+ {[%clk 0:00:17]} Kg6 {[%clk 0:01:09]} 39. Rc7
{[%clk 0:00:19]} h5 {[%clk 0:01:09]} 40. Kh3 {[%clk 0:00:18]} Kh6
{[%clk 0:01:11]} 41. Rc8 {[%clk 0:00:14]} Kg5 {[%clk 0:01:10]} 42. Rc7
{[%clk 0:00:14]} g6 {[%clk 0:01:12]} 43. Rc8 {[%clk 0:00:16]} Kf5
{[%clk 0:01:11]} 44. Kg2 {[%clk 0:00:12]} Ke4 {[%clk 0:01:11]} 45. Rc7
{[%clk 0:00:13]} Kf5 {[%clk 0:01:04]} 46. Kf3 {[%clk 0:00:13]} Kg5+
{[%clk 0:01:05]} 47. Kg2 {[%clk 0:00:12]} Kg4 {[%clk 0:01:06]} 48. Rc8
{[%clk 0:00:07]} g5 {[%clk 0:01:08]} 49. Rc7 {[%clk 0:00:08]} Rf3
{[%clk 0:01:03]} 50. R7xc6 {[%clk 0:00:09]} Rxg3+ 51. Kf2 Rgxe3 {[%clk 0:00:58]}
52. Rxe6 {[%clk 0:00:04]} Rxe6 {[%clk 0:00:54]} 53. Rc5 {[%clk 0:00:05]} Rd6
{[%clk 0:00:54]} 54. Rc3 {[%clk 0:00:06]} h4 {[%clk 0:00:55]} 55. Re3
{[%clk 0:00:07]} Kf4 {[%clk 0:00:55]} 56. Re5 {[%clk 0:00:08]} g4
{[%clk 0:00:56]} 57. Re6 Ke5 0-1

[Event "Team Championship of Russia (blitz)"]
[Site "Sochi"]
[Date "2015.05.10"]
[Round "4.31"]
[White "Zakaryan, David"]
[Black "Pasiev, Rakhim"]
[Result "0-1"]
[LiveChessVersion "1.4.4"]
[BlackElo "2342"]
[WhiteElo "2064"]

1. e4 {[%clk 0:03:03]} c5 {[%clk 0:03:04]} 2. Nf3 {[%clk 0:03:03]} Nc6
{[%clk 0:03:05]} 3. d4 {[%clk 0:03:05]} cxd4 {[%clk 0:03:06]} 4. Nxd4
{[%clk 0:03:06]} g6 {[%clk 0:03:07]} 5. c4 {[%clk 0:03:05]} Nf6 {[%clk 0:03:08]}
6. Nc3 {[%clk 0:03:05]} d6 {[%clk 0:03:10]} 7. Be2 {[%clk 0:03:04]} Nxd4
{[%clk 0:03:11]} 8. Qxd4 Bg7 9. Be3 {[%clk 0:03:03]} O-O {[%clk 0:03:13]} 10. Qd2
{[%clk 0:03:04]} a5 {[%clk 0:03:14]} 11. O-O a4 12. Rfd1 {[%clk 0:03:02]} Qa5
{[%clk 0:03:17]} 13. Rac1 {[%clk 0:02:49]} Be6 {[%clk 0:03:17]} 14. f3
{[%clk 0:02:41]} Rfc8 {[%clk 0:03:18]} 15. Nb5 {[%clk 0:02:13]} Nd7
{[%clk 0:03:05]} 16. Nd4 {[%clk 0:01:39]} Nc5 {[%clk 0:02:54]} 17. Bf1
{[%clk 0:01:24]} h5 {[%clk 0:02:49]} 18. Qf2 {[%clk 0:01:24]} Bd7
{[%clk 0:02:14]} 19. Rd2 {[%clk 0:01:12]} Kh7 {[%clk 0:02:15]} 20. g3
{[%clk 0:01:06]} Qd8 {[%clk 0:02:01]} 21. Rcd1 {[%clk 0:00:52]} Qf8
{[%clk 0:01:58]} 22. Bg2 {[%clk 0:00:51]} Ne6 {[%clk 0:01:57]} 23. Bf1
{[%clk 0:00:43]} Nc5 {[%clk 0:01:57]} 24. Bg2 {[%clk 0:00:45]} Ne6
{[%clk 0:01:56]} 25. Bf1 {[%clk 0:00:46]} Bh6 {[%clk 0:01:51]} 26. Nc2
{[%clk 0:00:45]} Nc5 {[%clk 0:01:37]} 27. Nb4 {[%clk 0:00:45]} Be6
{[%clk 0:01:30]} 28. Nc2 {[%clk 0:00:36]} Bxe3 {[%clk 0:01:28]} 29. Nxe3
{[%clk 0:00:37]} Qg7 {[%clk 0:01:20]} 30. h3 {[%clk 0:00:37]} Kg8
{[%clk 0:01:18]} 31. Kh2 {[%clk 0:00:38]} Rf8 {[%clk 0:01:14]} 32. Bg2
{[%clk 0:00:34]} h4 {[%clk 0:01:01]} 33. gxh4 {[%clk 0:00:31]} Rac8
{[%clk 0:00:57]} 34. f4 {[%clk 0:00:29]} f6 {[%clk 0:00:54]} 35. Bf3
{[%clk 0:00:27]} Qh6 {[%clk 0:00:55]} 36. Qg3 {[%clk 0:00:27]} Kh7
{[%clk 0:00:49]} 37. Rg1 {[%clk 0:00:26]} Rg8 {[%clk 0:00:50]} 38. Bg4
{[%clk 0:00:26]} Nxe4 {[%clk 0:00:50]} 39. Bxe6 {[%clk 0:00:23]} Nxg3
{[%clk 0:00:51]} 40. Rxg3 {[%clk 0:00:24]} Qxf4 {[%clk 0:00:50]} 41. Rdg2
{[%clk 0:00:21]} Rcf8 {[%clk 0:00:41]} 42. Bxg8+ {[%clk 0:00:21]} Rxg8
{[%clk 0:00:42]} 43. b3 {[%clk 0:00:22]} axb3 {[%clk 0:00:42]} 44. axb3
{[%clk 0:00:23]} e6 {[%clk 0:00:42]} 45. Kh1 {[%clk 0:00:20]} Qxh4
{[%clk 0:00:42]} 46. Rg4 {[%clk 0:00:19]} Qe1+ {[%clk 0:00:43]} 47. Kh2
{[%clk 0:00:16]} Qxe3 {[%clk 0:00:44]} 48. R4g3 {[%clk 0:00:16]} Qf4
{[%clk 0:00:45]} 49. Kh1 {[%clk 0:00:17]} d5 {[%clk 0:00:45]} 50. cxd5
{[%clk 0:00:18]} exd5 {[%clk 0:00:47]} 51. Rg4 {[%clk 0:00:19]} Qc1+
{[%clk 0:00:47]} 52. Kh2 {[%clk 0:00:21]} Qc7+ {[%clk 0:00:46]} 53. Kh1
{[%clk 0:00:22]} Qe5 {[%clk 0:00:48]} 54. b4 {[%clk 0:00:21]} d4 {[%clk 0:00:49]}
55. Rh4+ {[%clk 0:00:22]} Kg7 {[%clk 0:00:49]} 56. Rd2 {[%clk 0:00:23]} Qe1+
{[%clk 0:00:49]} 0-1

[Event "Team Championship of Russia (blitz)"]
[Site "Sochi"]
[Date "2015.05.10"]
[Round "5.13"]
[White "Potapov, Pavel"]
[Black "Chigaev, Maksim"]
[Result "0-1"]
[LiveChessVersion "1.4.4"]
[BlackElo "2524"]
[WhiteElo "2495"]

1. e4 {[%clk 0:03:03]} c6 {[%clk 0:03:04]} 2. d4 {[%clk 0:03:03]} d5
{[%clk 0:03:05]} 3. e5 {[%clk 0:03:04]} c5 {[%clk 0:03:06]} 4. dxc5
{[%clk 0:03:04]} Nc6 {[%clk 0:03:07]} 5. Nf3 {[%clk 0:02:59]} Bg4
{[%clk 0:03:07]} 6. Bb5 {[%clk 0:02:27]} Qa5+ {[%clk 0:03:08]} 7. Nc3
{[%clk 0:02:25]} e6 {[%clk 0:03:09]} 8. Be3 {[%clk 0:02:16]} Nge7
{[%clk 0:03:07]} 9. a3 {[%clk 0:01:44]} O-O-O {[%clk 0:03:06]} 10. b4
{[%clk 0:01:41]} Bxf3 {[%clk 0:03:07]} 11. gxf3 {[%clk 0:01:27]} Qc7
{[%clk 0:03:07]} 12. Bxc6 {[%clk 0:01:11]} Nxc6 {[%clk 0:03:08]} 13. f4
{[%clk 0:00:42]} a6 {[%clk 0:02:59]} 14. Ne2 {[%clk 0:00:39]} g5 {[%clk 0:02:51]}
15. Nd4 {[%clk 0:00:30]} gxf4 {[%clk 0:02:23]} 16. Nxc6 {[%clk 0:00:26]} Qxc6
{[%clk 0:02:23]} 17. Bxf4 {[%clk 0:00:26]} d4 {[%clk 0:02:24]} 18. O-O
{[%clk 0:00:13]} h5 {[%clk 0:02:21]} 19. h4 {[%clk 0:00:11]} Rg8+
{[%clk 0:02:20]} 20. Bg5 {[%clk 0:00:09]} Qe4 {[%clk 0:01:53]} 21. f4
{[%clk 0:00:09]} d3 {[%clk 0:01:51]} 22. Re1 {[%clk 0:00:09]} Qd4+
{[%clk 0:01:40]} 23. Kh1 {[%clk 0:00:09]} Rxg5 {[%clk 0:01:22]} 24. hxg5
{[%clk 0:00:08]} Qxf4 {[%clk 0:01:22]} 25. cxd3 {[%clk 0:00:06]} Qh4+
{[%clk 0:01:21]} 26. Kg2 {[%clk 0:00:06]} Qxg5+ {[%clk 0:01:19]} 27. Kf3
{[%clk 0:00:06]} Qf5+ {[%clk 0:01:16]} 28. Ke2 {[%clk 0:00:05]} Qxe5+
{[%clk 0:01:14]} 29. Kd2 {[%clk 0:00:06]} Qb2+ {[%clk 0:01:10]} 30. Ke3
{[%clk 0:00:05]} Qd4+ {[%clk 0:01:07]} 31. Ke2 {[%clk 0:00:04]} Bh6
{[%clk 0:01:05]} 32. Rg1 {[%clk 0:00:04]} Qe3+ {[%clk 0:01:02]} 33. Kf1
{[%clk 0:00:05]} Qf4+ {[%clk 0:00:38]} 34. Ke2 {[%clk 0:00:06]} Rd5
{[%clk 0:00:36]} 35. Rg8+ {[%clk 0:00:06]} Kc7 {[%clk 0:00:37]} 36. d4
{[%clk 0:00:05]} Rxd4 {[%clk 0:00:34]} 37. Qxd4 {[%clk 0:00:05]} Qxd4
{[%clk 0:00:35]} 38. Rd1 {[%clk 0:00:06]} Qe4+ {[%clk 0:00:35]} 39. Kf1
{[%clk 0:00:06]} Qf3+ {[%clk 0:00:34]} 40. Ke1 {[%clk 0:00:08]} Bg5
{[%clk 0:00:27]} 41. Rf8 {[%clk 0:00:05]} Be7 {[%clk 0:00:19]} 42. Rg8
{[%clk 0:00:05]} Bh4+ {[%clk 0:00:19]} 43. Kd2 {[%clk 0:00:06]} Qxa3
{[%clk 0:00:19]} 44. Kc2 {[%clk 0:00:05]} Qa4+ {[%clk 0:00:18]} 45. Kd2
{[%clk 0:00:06]} Qxb4+ {[%clk 0:00:18]} 46. Ke2 {[%clk 0:00:07]} Qe4+
{[%clk 0:00:16]} 47. Kd2 {[%clk 0:00:08]} Bg5+ {[%clk 0:00:17]} 48. Kc3
{[%clk 0:00:08]} Qe3+ {[%clk 0:00:15]} 49. Rd3 {[%clk 0:00:08]} Qxc5+
{[%clk 0:00:15]} 50. Kb3 {[%clk 0:00:09]} Qb5+ {[%clk 0:00:15]} 51. Kc2
{[%clk 0:00:10]} Qf5 {[%clk 0:00:12]} 52. Kc3 {[%clk 0:00:07]} h4
{[%clk 0:00:12]} 53. Rf8 {[%clk 0:00:04]} Qc5+ {[%clk 0:00:09]} 54. Kd4 0-1